| 000 | 00984nam a22002777a 4500 | ||
|---|---|---|---|
| 003 | URS | ||
| 005 | 20250915115958.0 | ||
| 008 | 250915b |||||||| |||| 00| 0 eng d | ||
| 020 | _a978-1-9751-6103-3 | ||
| 040 |
_bEnglish _cURS _erda |
||
| 050 |
_aRT41 _b.H592 2022 |
||
| 100 |
_aHinkle, Janice L., _eauthor. |
||
| 245 | 0 |
_aBrunner & Suddarth's Textbook of medical-surgical nursing / _cJanice L. Hinkle, Kerry H. Cheever and Kristen J. Overbaugh. |
|
| 250 | _a15th edition. | ||
| 264 |
_aPhiladelphia : _bLippincott Williams & Wilkins, _c©2022. |
||
| 300 |
_alxviii, 2172 pages : _bcolor illustrations ; _c26 cm. |
||
| 336 |
_atext _btxt _2rdacontent |
||
| 337 |
_aunmediated _bn _2rdamedia |
||
| 338 |
_avolume _bnc _2rdacarrier |
||
| 504 | _aIncludes bibliographical references and index. | ||
| 650 | 0 |
_aNursing. _91023 |
|
| 650 | 0 |
_aSurgical nursing. _91085 |
|
| 700 |
_aCheever, Kerry H., _eauthor. _91091 |
||
| 700 |
_aOverbaugh, Kristen J., _eauthor. _96473 |
||
| 942 |
_cR _2lcc |
||
| 999 |
_c86805 _d86803 |
||